Constitución política de la República de Chile: Chile 2005

Gespeichert in:
Bibliographische Detailangaben
Format: Buch
Sprache:Spanisch
Veröffentlicht: Santiago La Nación 2005
Santiago Diario Oficial de la República de Chile 2005
Schlagworte:
Tags: Tag hinzufügen
Keine Tags, Fügen Sie den ersten Tag hinzu!

MARC

LEADER 00000nam a2200000 a 4500
001 UCK7054
003 CL-VaPUC
005 20240807163628.0
008 051028e20050000cl |||||||||||||||||spa|d
999 |c 315147  |d 315145 
040 |c Pontificia Universidad Católica de Valparaíso 
082 0 4 |a 342.83 CON 2005  |2 21 
245 1 0 |a Constitución política de la República de Chile: Chile 2005 
260 |a Santiago  |b La Nación  |c 2005 
260 |a Santiago  |b Diario Oficial de la República de Chile  |c 2005 
300 |a 95 p 
583 |a last modification  |c 20171120 01:27:11  |k Rodrigo Vera 
650 0 |a Derecho constitucional chileno  |9 478271 
650 0 |a Constitución política  |9 336925 
651 7 |a CHILE  |2 CL-VaPUC  |9 496522 
942 |c BK  |2 ddc 
945 |d 20051028 00:00:00  |a jcarroza 
952 |0 0  |1 0  |2 ddc  |4 0  |6 342_830000000000000_CON_2005_2005  |7 0  |8 FOND_LRYV  |9 388103  |a BIBDER  |b BIBDER  |d 2019-11-22  |i 4179463  |o 342.83 CON 2005 2005  |p 4179463  |r 2023-01-25  |w 2019-11-22  |y BK_X  |k DER 
952 |0 0  |1 0  |2 ddc  |4 0  |6 342_830000000000000_CON_2005_2005  |7 0  |8 FOND_LRYV  |9 388104  |a BIBDER  |b BIBDER  |d 2019-11-22  |i 4179455  |o 342.83 CON 2005 2005  |p 4179455  |r 2023-01-25  |w 2019-11-22  |y BK_X  |k DER